Top 20 des musées les plus visités - Statistiques

Statistiques générales
  • Ce quiz a été pris 116 fois
  • Le résultat moyen est 5 sur 20
Statistiques - réponses
Nombre de visiteurs par an Pays % Correct
1 9,6 millions France Musée du Louvre
100%
20 3,65 millions France Musée d’Orsay
51%
5 6,12 millions Royaume Uni British Museum
50%
3 6,88 millions Vatican Musées du Vatican
47%
4 6,77 millions États Unis Metropolitan Museum of Art
34%
10 4,96 millions Russie Musée de l'Ermitage
34%
7 6,01 millions Royaume Uni National Gallery
27%
16 4,07 millions États Unis National Gallery of Art
18%
6 6,1 millions Royaume Uni Tate Modern
16%
9 5 millions États Unis Musée américain d'histoire naturelle
13%
8 5,42 millions Royaume Uni Musée d'histoire naturelle de Londres
13%
13 4,2 millions États Unis Musée national d'histoire naturelle
13%
12 4,43 millions Espagne Musée Reina Sofía
12%
2 7,39 millions Chine Musée national de Chine
8%
17 3,92 millions Royaume Uni Victoria and Albert Museum
8%
19 3,83 millions Taïwan Musée national du Palais
5%
18 3,89 millions Chine Musée des sciences et de la technologie de Chine
3%
11 4,82 millions Chine Musée des sciences et de la technologie de Shanghai
3%
14 4,17 millions Chine Nanjing Museum
0%
15 4,15 millions Chine ZheJiang Museum
0%
Aucun quiz correspondant
Distribution des résultats
% des personnes avec chaque résultat
Percentile par nombre de réponses
Votre historique - résultats
Vous n’avez pas pris ce quiz